LIBRARY & INFORMATION CENTRE, KCAET, TAVANUR

ONLINE PUBLIC ACCESS CATALOGUE (OPAC)

Notre-Dame de Paris / (Record no. 987)

MARC details
000 -LEADER
fixed length control field 00506cam a2200205ua 4500
041 ## - LANGUAGE CODE
Language code of text/sound track or separate title eng
082 ## - DEWEY DECIMAL CLASSIFICATION NUMBER
Classification number 823.308
Item number HUG/NO
100 ## - MAIN ENTRY--AUTHOR NAME
Personal name Hugo, Victor .
245 ## - TITLE STATEMENT
Title Notre-Dame de Paris /
260 ## - PUBLICATION, DISTRIBUTION, ETC. (IMPRINT)
Place of publication London :
Name of publisher Dent ,
Year of publication 1964.
300 ## - PHYSICAL DESCRIPTION
Number of Pages 470 ; .
490 0# - SERIES STATEMENT
Series statement Everyman`s Library,
Volume number/sequential designation 422
942 ## - ADDED ENTRY ELEMENTS (KOHA)
Koha item type Books
Holdings
Withdrawn status Lost status Damaged status Home library Current library Date acquired Full call number Accession Number Koha item type
Withdrawn     KAUAET Malayalam University 07/04/2012 823.308 4469 Books
Withdrawn     KAUAET Sanskrit University 07/04/2012 823.308 5216 Books
free website counter